000 00491nam a2200169Ia 4500
008 090711s9999 xx 000 0 und d
082 _b51737
100 _aशेट्ये Sांद्रकांत
245 _aगमत्या
260 _c1985
300 _a116
600 _aशेट्ये Sांद्रकांत
630 _aगमत्या
700 _aशेट्ये Sांद्रकांत
730 _aगमत्या
942 _cBOOK
999 _c301742
_d301742